000 00665nam a2200181 4500
999 _c17179
_d17179
008 220610b ||||| |||| 00| 0 eng d
022 _a00014826
082 _aDPer 657.05 Ac27 Jan 2016 vol. 91, no. 5
100 _aBatta, George Eli.
_945621
245 _aCredit derivatives and analyst behavior/
_cGeorge Eli Batta, Jiaping Qiu and Fan Yu.
260 _aSarasota, Florida:
_bAmerican Accounting Association,
_c©2016.
300 _aV91 n5, pages 1315-1343:
_billustrations;
_c28 cm.
500 _aThe Accounting Review.
650 _aCredit.
_945622
700 _aQiu, Jiaping.
_eAuthor.
_945623
700 _aYu, Fan
_eAuthor.
_945624
942 _2ddc
_cPER